Largest Populations of the European Union - Statistics

General Stats
  • This quiz has been taken 47 times
  • The average score is 18 of 20
Answer Stats
Population Hint Answer % Correct
5,303,846 BRINEL Berlin
100%
6,641,649 DRAIMD Madrid
100%
12,244,807 RAPSI Paris
100%
4,342,212 MORE Rome
100%
4,354,448 MALNI Milan
98%
3,242,852 DAMSERTAM Amsterdam
95%
2,908,664 MHINUC Munich
95%
3,053,104 WRASWA Warsaw
95%
2,710,127 FURKRAFT Frankfurt
93%
3,561,750 SHEATN Athens
90%
5,575,204 LOANCRABE Barcelona
90%
3,031,160 DEAPSTUB Budapest
90%
3,327,940 GRUMBAH Hamburg
88%
3,084,890 PLANES Naples
86%
5,111,530 HURR Ruhr
86%
2,787,724 RATTUSTGT Stuttgart
83%
2,853,903 NAIVEN Vienna
83%
2,846,332 BLIONS Lisbon
79%
3,100,329 SEAMILLER Marseille
62%
2,695,108 WITOCAKE Katowice
60%
No matching quizzes found
Score Distribution
Percent of People with Each Score
Percentile by Number Answered
Your Score History
You have not taken this quiz